Cargando...
മുൾമരങ്ങളുടെ ആകാശം
| Autor Principal: | |
|---|---|
| Outros autores: | |
| Formato: | Printed Book |
| Publicado: |
Thiruvananthapuram
Chintha
2011
|
| Subjects: |
| LEADER | 00622nam a22001697a 4500 | ||
|---|---|---|---|
| 020 | |a 9788126206155 | ||
| 082 | |a M 894.812 3 |b JYO/M | ||
| 100 | |a ജ്യോതിർമയി, എ.പി. | ||
| 245 | |a മുൾമരങ്ങളുടെ ആകാശം | ||
| 260 | |a Thiruvananthapuram |b Chintha |c 2011 | ||
| 300 | |a 128p. | ||
| 650 | |a Mulmarangalute akasam | ||
| 650 | |a Malayalam-Novel | ||
| 700 | |a Jyothirmayi, A.P. | ||
| 942 | |c BK | ||
| 999 | |c 38582 |d 38582 | ||
| 952 | |0 0 |1 0 |4 0 |6 M_894_812000000000000_3_JYOM |7 0 |8 Stack |9 40865 |a KUCL |b KUCL |c M |d 2016-02-25 |g 85.00 |l 3 |m 2 |o M 894.812 3 JYO/M |p 36092 |r 2019-06-26 |s 2019-05-20 |w 2016-02-25 |y BK | ||